GETS Theological Seminary Library

The theology of the Samaritans (Record no. 27057)

MARC details
000 -LEADER
fixed length control field 00418nam a2200145Ia 4500
008 - FIXED-LENGTH DATA ELEMENTS--GENERAL INFORMATION
fixed length control field 200901s9999||||xx |||||||||||||| ||und||
041 ## - LANGUAGE CODE
Language code of text/sound track or separate title eng
050 ## - LIBRARY OF CONGRESS CALL NUMBER
Classification number BM945
Item number .M135 1964
100 ## - MAIN ENTRY--PERSONAL NAME
Personal name Macdonald, John
245 #4 - TITLE STATEMENT
Title The theology of the Samaritans
Remainder of title /
Statement of responsibility, etc. John Macdonald
260 ## - PUBLICATION, DISTRIBUTION, ETC.
Place of publication, distribution, etc. Philadelphia :
Name of publisher, distributor, etc. Westminster Press ,
Date of publication, distribution, etc. 1964
300 ## - PHYSICAL DESCRIPTION
Extent 480 p. :
Other physical details ill. ;
Dimensions 23 cm.
650 ## - SUBJECT ADDED ENTRY--TOPICAL TERM
Topical term or geographic name entry element Samaritans Doctrines.
Holdings
Withdrawn status Lost status Damaged status Not for loan Home library Current library Shelving location Date acquired Total Checkouts Full call number Barcode Date last seen Price effective from Koha item type
        GETS Theological Seminary Library GETS Theological Seminary Library General Stacks 09/01/2020   BM945 .M135 1964 00014261 09/01/2020 09/01/2020 English Books
OpacCredits

Contact the Librarian, GETS Library
Email: library@mygets.org









Implemented by GETS Library
(Powered by ETCA Professional Group)
GETS Theological Seminary
412 E. Rowland Street, CA 91723